000 01863nam0a2200349 4500
001 RU\NLR\bibl\878146
005 20260405191700.0
010 _a5-02-032490-6
_91500
021 _aRU
_b2005-68398
_93372
035 _a(NLR Aleph) 000866729
090 _a1573964
_c1573964
100 _a20051124d2005 |||y0rusy50 ca
101 0 _arus
102 _aRU
105 _aa |||||||||
200 1 _aЗдоровье трудящихся промышленных предприятий Севера
_dWork people health of the North industrial factories
_eстратегия разработки оздоровительных программ
_fВ.Р. Кейль, И.Ю. Кузнецова, И.М. Митрофанов [и др.]
_gотв. ред. акад. РАМН В.А. Шкурупий
_zeng
210 _aНовосибирск
_cНаука
_d2005
215 _a227,[3] с.
_cил.
_d22
300 _aАвт. также на англ. яз.: V.R. Keyl, I.Yu. Kuznetsova, I.M. Mitrofanov
320 _aБиблиогр.: с. 210-228
510 0 _aWork people health of the North industrial factories
_zeng
606 1 _aРаботники промышленных предприятий
_xЗдоровье
_yРоссийская Федерация
_yСевер
_92405136
_3RU\NLR\auth\661433412
686 _aР11(2)081
701 1 _aКейль
_bВ. Р.
_gВладимир Робертович
_4070
701 1 _4070
_8rus
_7ca
_aКузнецова
_bИ. Ю.
_cканд. мед. наук
_gИрина Юрьевна
_3RU\NLR\auth\7783680
_966608
701 1 _aМитрофанов
_bИ. М.
_gИгорь Михайлович
_4070
702 1 _4340
_8rus
_7ca
_aШкурупий
_bВ. А.
_gВячеслав Алексеевич
_3RU\NLR\auth\7766260
_949188
801 0 _aRU
_bNLR
_c20051124
_grcr
801 1 _aRU
_bNLR
_c20051124
942 _cBOOK
980 _aNB